MARC details
| 000 -CABECERA |
| campo de control de longitud fija |
02961nam a2200433 a 4500 |
| 001 - NÚMERO DE CONTROL |
| campo de control |
991029641169706706 |
| 003 - IDENTIFICADOR DEL NÚMERO DE CONTROL |
| campo de control |
ES-BaIT |
| 005 - FECHA Y HORA DE LA ÚLTIMA TRANSACCIÓN |
| campo de control |
20260402094411.0 |
| 008 - DATOS DE LONGITUD FIJA--INFORMACIÓN GENERAL |
| campo de control de longitud fija |
110202s1829 sp 000 d spa c |
| 026 ## - IDENTIFICADOR DE HUELLA DIGITAL |
| Huella digital no analizada |
reo, s.a! loo? áMal 3 1829 A |
| Fuente |
fei |
| 035 ## - NÚMERO DE CONTROL DEL SISTEMA |
| Número de control de sistema |
(ES-BaCBU).b47948814 |
| 040 ## - FUENTE DE LA CATALOGACIÓN |
| Centro catalogador/agencia de origen |
ES-BaCBU |
| Lengua de catalogación |
cat |
| Centro/agencia transcriptor |
ES-BaCBU |
| 080 ## - NÚMERO DE LA CLASIFICACIÓN DECIMAL UNIVERSAL |
| Número de la Clasificación Decimal Universal |
860-2"18" |
| 100 1# - ENTRADA PRINCIPAL--NOMBRE DE PERSONA |
| Nombre de persona |
Hernández, Sebastián |
| 9 (RLIN) |
25245 |
| 245 13 - MENCIÓN DE TÍTULO |
| Título |
El Yesero de Beniaján, hecho lechuguino en Murcia : |
| Resto del título |
saynete nuevo para ocho personas : representado en dicha capitál por la compañía de aficionados, de que es directór y primer actór / |
| Mención de responsabilidad, etc. |
su autor D. Sebastian Hernandez, ó sea Anbastise Zendar, P. A. |
| 246 1# - FORMA VARIANTE DE TÍTULO |
| Texto de visualización |
Títol a la coberta de paper: |
| Título propio/Titulo breve |
Lechuguino, ó, Yesero de Beniaján : |
| Resto del título |
saynete nuevo |
| 260 ## - PUBLICACIÓN, DISTRIBUCIÓN, ETC. |
| Lugar de publicación, distribución, etc. |
Con Licencia: Impreso en Murcia : |
| Nombre del editor, distribuidor, etc. |
Oficina de José Santamaría, |
| Fecha de publicación, distribución, etc. |
1829 |
| 300 ## - DESCRIPCIÓN FÍSICA |
| Extensión |
32 p. ; |
| Dimensiones |
8º (15 cm) |
| 500 ## - NOTA GENERAL |
| Nota general |
Marca de l'impressor al verso de la portada |
| 500 ## - NOTA GENERAL |
| Nota general |
Signatura numèrica (4 quaderns de 4 f.) |
| 500 ## - NOTA GENERAL |
| Nota general |
P8: D1, H7 i altres |
| 530 ## - NOTA DISPONIBLE DE FORMULARIO FÍSICO ADICIONAL |
| Nota de formato físico adicional disponible |
Reproducció digital disponible a Biblioescènic |
| 593 ## - Camps col·lecció exemplar |
| Signatura topogràfica i/o núm. de registre |
VIT-059/07 |
| Notes |
Enquadernació holandesa amb puntes, en color blau, guardes marbrejades. Exemplar guillotinat. Portada estripada. Etiqueta d'antic topogràfic Vitrina A Estante 2 en full de guarda volant anterior. Etiqueta de la libreria: "de Hortal y Compañia" al contraplà anterior. Relligat en volum factici, títol al llom: Entremeses raros VI |
| Història de l’exemplar. Procedència |
Ex-libris de la Colección teatral Arturo Sedó a la contracoberta anterior. Llistat manuscrit al full de guarda anterior de les obres que conté el volum |
| Digitalització |
Exemplar digitalitzat per Crossland, 2022 |
| Nom de la col·lecció especial |
Artur Sedó |
| 593 ## - Camps col·lecció exemplar |
| Signatura topogràfica i/o núm. de registre |
74082 |
| Notes |
Sense enquadernar, porta un paper del programa de l'obra "Los hijos de la emigración" de Luis de Val per protegir el cos del llibre amb les anotacions: "19-2 /(X) " i el topogràfic escrit a llapis tant a la coberta protectora com a la portada. Conserva la tapa posterior de l'enquadernació editorial |
| Història de l’exemplar. Procedència |
Segell de la Colección teatral Arturo Sedó a portada. Procedència: Col·lecció Díaz Escovar |
| Nom de la col·lecció especial |
Artur Sedó |
| 650 #0 - PUNTO DE ACCESO ADICIONAL DE MATERIA--TÉRMINO DE MATERIA |
| Término de materia o nombre geográfico como elemento de entrada |
Sainets castellans |
| Subdivisión cronológica |
S. XIX |
| Subdivisión de forma |
Textos dramàtics |
| 9 (RLIN) |
169202 |
| 700 1# - ENTRADA AGREGADA--NOMBRE PERSONAL |
| Nombre de persona |
Santamaría, José, |
| Fechas asociadas al nombre |
1788- |
| Término indicativo de función/relación |
impressor |
| 9 (RLIN) |
169203 |
| 730 0# - ENTRADA AGREGADA--TÍTULO UNIFORME |
| Título uniforme |
Col·lecció digital Biblioescènic del MAE |
| 9 (RLIN) |
69172 |
| 752 ## - ENTRADA AGREGADA--NOMBRE JERÁRQUICO DEL LUGAR |
| País o entidad superior |
Espanya |
| Ciudad |
Múrcia |
| 856 41 - LOCALIZACIÓN Y ACCESO ELECTRÓNICOS |
| Nota pública |
Accés lliure (Biblioescènic) |
| Especificación de materiales |
Exemplar VIT-059/07 |
| Identificador Uniforme del Recurso |
<a href="https://books.cdmae.cat/visorpdf/?recurs=SV0059-07">https://books.cdmae.cat/visorpdf/?recurs=SV0059-07</a> |
| 856 42 - LOCALIZACIÓN Y ACCESO ELECTRÓNICOS |
| Nota pública |
Fitxa del catàleg manual |
| Identificador Uniforme del Recurso |
<a href="https://www.cdmae.cat/sedo/imgtitulos/072/P0001034.gif">https://www.cdmae.cat/sedo/imgtitulos/072/P0001034.gif</a> |
| 856 42 - LOCALIZACIÓN Y ACCESO ELECTRÓNICOS |
| Nota pública |
Fitxa del catàleg manual |
| Identificador Uniforme del Recurso |
<a href="https://www.cdmae.cat/sedo/imgtitulos/072/P0001035.gif">https://www.cdmae.cat/sedo/imgtitulos/072/P0001035.gif</a> |
| 902 ## - ELEMENTOS DE DATOS B LOCAL, LDB (RLIN) |
| a |
Patrimoni |
| 907 ## - ELEMENTOS DE DATOS G LOCAL, LDG (RLIN) |
| a |
.b47948814 |
| b |
21-06-21 |
| c |
02-02-11 |
| d |
02-02-11 |
| e |
m |
| f |
a |
| g |
p |
| h |
spa |
| i |
sp |
| j |
0 |
| k |
0 |
| 908 ## - COLOCAR PARÁMETRO DE COMANDO (RLIN) |
| Colocar parámetro de comando |
DHUB |
| -- |
CDMAE |
| 910 1# - DATOS DE OPCIÓN DEL USUARIO (OCLC) |
| Datos de opción del usuario |
Santamaría, José, |
| 940 ## - EQUIVALENCIA O REFERENCIA-CRUZADA--TÍTULO UNIFORME [OBSOLETO] [solamente CAN/MARC] |
| Título uniforme |
<a href="DHUB">DHUB</a> |
| 942 ## - ELEMENTOS DE ENTRADA AGREGADA (KOHA) |
| Fuente del sistema de clasificación o colocación |
Clasificación decimal universal |
| Tipo de ítem Koha |
Digital |